065_ Personnalités nées un 6 mars par images - Statistiques

Statistiques générales
  • Ce quiz a été pris 31 fois
  • Le résultat moyen est 2 sur 9
Statistiques - réponses
Par images Hint Réponse % Correct
Chanteur Pierre Garnier
81%
Actrice Leïla Bekhti
61%
Humoriste Jean-Luc Lemoine
48%
Peintre Michel-Ange
13%
Humoriste Guy Montagné
6%
Catcheur Kenneth Anderson
3%
Acteur Milo Manheim
3%
Musicien David Gilmour
0%
Astronaute Patrick Baudry
0%
Aucun quiz correspondant
Distribution des résultats
% des personnes avec chaque résultat
Percentile par nombre de réponses
Votre historique - résultats
Vous n’avez pas pris ce quiz